00364nam a2200133 a 450000100060000000300090000600800410001504000280005608200160008410000260010024500270012626000580015365000190021113792CO-ViMGA141112s2004 ck r 000 u spa d aCO-ViMGAbspacCO-ViMGA aPe863 V173c1 aVargas Llosa, Mario, 10aLa ciudad y los perros aSantafé de Bogotá : bCirculo de Lectores, cs.f.14aNOVELA PERUANA